Essentials of entrepreneurship and small business management (Record no. 62837)
[ view plain ]
| 000 -LEADER | |
|---|---|
| fixed length control field | 01150nam a2200229 a 4500 |
| 008 - FIXED-LENGTH DATA ELEMENTS--GENERAL INFORMATION | |
| fixed length control field | 120416s2005 ||||||||||||||||| || u |
| 020 ## - INTERNATIONAL STANDARD BOOK NUMBER | |
| International Standard Book Number | 0131918567 |
| 050 ## - LIBRARY OF CONGRESS CALL NUMBER | |
| Classification number | HD 62.7 Zim |
| 100 ## - MAIN ENTRY--PERSONAL NAME | |
| Personal name | Zimmerer, Thomas W |
| 245 10 - TITLE STATEMENT | |
| Title | Essentials of entrepreneurship and small business management |
| 250 ## - EDITION STATEMENT | |
| Edition statement | 4th ed. |
| 260 ## - PUBLICATION, DISTRIBUTION, ETC. | |
| Place of publication, distribution, etc. | New Jersey |
| Name of publisher, distributor, etc. | Pearson Education, Inc |
| Date of publication, distribution, etc. | 2005 |
| 300 ## - PHYSICAL DESCRIPTION | |
| Extent | xiv, 578p. : ill. |
| 350 ## - | |
| -- | 0.00 |
| 650 #0 - SUBJECT ADDED ENTRY--TOPICAL TERM | |
| Topical term or geographic name entry element | BUSINESS |
| 650 #0 - SUBJECT ADDED ENTRY--TOPICAL TERM | |
| Topical term or geographic name entry element | ENTREPRENEURSHIP |
| 650 ## - SUBJECT ADDED ENTRY--TOPICAL TERM | |
| Topical term or geographic name entry element | SMALL BUSINESS--MANAGEMENT |
| 995 ## - | |
| -- | BINDERY (DAMAGED) |
| -- | 0.00 |
| -- | 736474 |
| -- | CBU-MAIN LIBRARY (Kitwe) |
| -- | 2 |
| -- | 25.00 |
| -- | HD 62.7 Zim |
| -- | 2 |
| -- | DAMAGED |
| -- | 40726 |
| -- | Main Library Open Access Collection |
| 995 ## - | |
| -- | MAIN LIBRARY OPEN ACCESS |
| -- | 0.00 |
| -- | 736471 |
| -- | CBU-MAIN LIBRARY (Kitwe) |
| -- | 4 |
| -- | 25.00 |
| -- | HD 62.7 Zim |
| -- | 4 |
| -- | AVAILABLE |
| -- | 40724 |
| -- | Main Library Open Access Collection |
| 995 ## - | |
| -- | SHORT LOAN BOOKS |
| -- | 0.00 |
| -- | 736472 |
| -- | CBU-MAIN LIBRARY (Kitwe) |
| -- | 1 |
| -- | 25.00 |
| -- | HD 62.7 Zim |
| -- | 1 |
| -- | AVAILABLE |
| -- | Jul 11, 2006 |
| -- | 40723 |
| -- | Short Loan Collection |
| 995 ## - | |
| -- | BINDERY (DAMAGED) |
| -- | 0.00 |
| -- | 736473 |
| -- | CBU-MAIN LIBRARY (Kitwe) |
| -- | 3 |
| -- | 25.00 |
| -- | HD 62.7 Zim |
| -- | 3 |
| -- | AVAILABLE |
| -- | Jul 21, 2006 |
| -- | 40725 |
| -- | Main Library Open Access Collection |
| 999 ## - | |
| -- | 62837 |
| -- | 62837 |
| Withdrawn status | Lost status | Source of classification or shelving scheme | Damaged status | Not for loan | Permanent Location | Current Location | Shelving location | Date acquired | Total Checkouts | Full call number | Barcode | Date last seen | Price effective from | Koha item type |
|---|---|---|---|---|---|---|---|---|---|---|---|---|---|---|
| CBU-MAIN LIBRARY, KITWE. | CBU-MAIN LIBRARY, KITWE. | 12/16/2022 | HD 62.7 Zim | 40726 | 12/16/2022 | 12/16/2022 | MONOGRAPH | |||||||
| CBU-MAIN LIBRARY, KITWE. | CBU-MAIN LIBRARY, KITWE. | 12/16/2022 | HD 62.7 Zim | 40724 | 12/16/2022 | 12/16/2022 | MONOGRAPH | |||||||
| CBU-MAIN LIBRARY, KITWE. | CBU-MAIN LIBRARY, KITWE. | 12/16/2022 | HD 62.7 Zim | 40723 | 12/16/2022 | 12/16/2022 | MONOGRAPH | |||||||
| CBU-MAIN LIBRARY, KITWE. | CBU-MAIN LIBRARY, KITWE. | 12/16/2022 | HD 62.7 Zim | 40725 | 12/16/2022 | 12/16/2022 | MONOGRAPH |